000 00684nam a22002055i 4500
001 165984
003 ES-MaACL
005 20251015063147.0
008 020807s1878 fr |||| | fre d
040 _aCCPB | B
_bspa
_cCCPB | B
100 1 _aTaine, Hippolyte,
_d1828-1893
_9109085
245 1 0 _aDe l´intelligence /
_cpar H. Taine.
250 _a3ème éd. corr. et augm.
260 _aParis :
_bLibrairie Hachette et cie.,
_c1878 (
_eCoulommiers :
_fImprimerie Paul Brodard)
300 _a2 v. (449 ; 492 p.) ;
_c22 cm.
650 4 _aInteligencia.
_913860
752 _aFrancia -
_dParís
852 _aES-MaACL
_jF-11759-11760
_z-- Rúst.
999 _c165984
_d165984